Random Harry Potter Trivia Quiz Stats

 Plays Quiz not verified by Sporcle

Challenge
Share
Tweet
Embed
Score 0/50 Timer 15:00
0 Plays Today
Hint Answer % Correct
What is Hermione's parents' professions?dentists
91.2%
What article of clothing did Dobby receive to set him free?Sock
91.2%
Minvera McGonagall's old Quidditch positionseeker
89.1%
Ravenclaw's ghostGrey Lady
84.7%
Who was the half-blood prince?Snape
84.7%
Who killed Sirius Black?Bellatrix
83.9%
Who did George Weasley marry?Angelina Johnson
81.8%
Who has a famous acid-green Quik-Quotes Quill?Rita Skeeter
81.8%
Headquarters for the Order of the Phoenix 12 Grimmauld Place
80.3%
What is Harry's birthday?July 31
80.3%
What is the name of Ron's brother who works for Gringotts?Bill
80.3%
How did Hermione make it to her classes in PoA?time turner
79.6%
Name a squibFilch
78.8%
Where did Harry live before his parents died?Godric's Hollow
77.4%
What is the name of the school Victor Krum attended?Durmstrang
77.4%
What was the portkey that Harry, Hermione, the Diggorys and the Weasleys used to travel to the Quidditch World Cup?a boot
77.4%
Who was the headmaster at that school?Igor Karkaroff
73.7%
Who ate the cupcakes filled with a sleeping draught?Crabbe
73%
What is the last name of the three brothers who origanally owned the Deathly Hallows?Peverell
72.3%
What is the name of the School of Witchcraft that Fleur Delacour attended?Beauxbatons
71.5%
Who is the History of Magic professor?Professor Binns
70.8%
How long does it take for Polyjuice Potion to brew?a month
70.1%
What did Lavender Brown call Ron?Won-Won
70.1%
Where would Remus Lupin transform when he was in Hogwarts?The Shrieking Shack
70.1%
Who does Dobby have a crush on?Winky
70.1%
Hint Answer % Correct
What is Ron's patronus?Jack Russell Terrier
69.3%
What is the name of the landlord of the Leaky Cauldrons?Tom
68.6%
What did Dumbledore teach before becoming headmaster?Transfiguration
68.6%
Dumbledore's full nameAlbus Percival Wulfric Brian Dumbledore
66.4%
What year did Dumbledore defeat Grindelwald? 1945
66.4%
What party did the trio go to on Halloween in their second year?Nearly Headless Nick's Deathday Party
63.5%
What is the name of the place where Aberforth Dumbledore works?Hog's Head
63.5%
in the film, what spell does Lucius Malfoy begin to cast when Dobby is set free?Avada Kedavra
61.3%
What is the term used for bodies bewitched to do as a Dark wizard bids?Inferi
60.6%
Where is the prophcey kept in OotP?Department of Mysteries
60.6%
What is Gilderoy Lockhart's favourite colour?Lilac
59.1%
What Muggle item does Arthur Weasley inquire about in CoS?a rubber duck
54.7%
What item in the House of Black is infamous from Tonks tripping over it?Troll leg umbrella stand
54%
What dragon does Cedric face in the First Task?Swedish Short-Snout
54%
Dumbledore's favorite Muggle candyLemon drops
53.3%
The Hogwarts school motto is Draco dormiens nunquam titillandus which is Latin for....Never Tickle a Sleeping Dragon
51.8%
How old was Nicholas Flamel when he died?665
49.6%
How does one open the Monster Book of Monsters?Stroke the spine
48.2%
What is the name for when it takes longer than 5 mintues for one to be sorted by the Sorting Hat?Hatstall
48.2%
How many fouls are there in Quidditch?700
43.8%
What is the Elder Wand's core?a thestral tail hair
38.7%
What does Mad-Eye Moody say that Polyjuice Potion tastes like?Goblin piss
33.6%
Who was a true Hatstall?McGonagall
29.9%
Finsih this quote series: Dudley: 'How many are there?' Vernon:.....36, counted them myself
25.5%
In 'Chamber of Secrets,' how many raids does Mr. Weasley conduct?9
14.6%

You're not logged in!

Compare scores with friends on all Sporcle quizzes.
OR
Log In

You Might Also Like...

Show Comments

Extras

Created Jul 17, 2017ReportNominate
Tags:Harry Potter Quiz

Top Quizzes Today


Score Distribution

Your Account Isn't Verified!

In order to create a playlist on Sporcle, you need to verify the email address you used during registration. Go to your Sporcle Settings to finish the process.

Report this User

Report this user for behavior that violates our Community Guidelines.

Details: